Law of Costs / (Record no. 4)

MARC details
000 -LEADER
fixed length control field 00583nam a22002177a 4500
005 - DATE AND TIME OF INPUT
control field 20240912064609.0
008 - DATA ELEMENTS--GENERAL INFORMATION
fixed length control field 230818b |||||||| |||| 00| 0 eng d
020 ## - INTERNATIONAL STANDARD BOOK NUMBER
International Standard Book Number 9780409019070
020 ## - INTERNATIONAL STANDARD BOOK NUMBER
International Standard Book Number 9780409019087
041 ## - LANGUAGE CODE
Language code of text English
044 ## - COUNTRY OF PUBLICATION
country code South Africa
082 ## - SHELF NUMBER
DDC number 347.1 CIL
245 ## - TITLE STATEMENT
Title Law of Costs /
Statement of responsibility, etc. AC Cilliers
260 ## - PUBLICATION, DISTRIBUTION, ETC.
Place of publication, distribution, etc. Johannesburg :
Name of publisher, distributor, etc. LexisNexis,
Date of publication, distribution, etc. 1997
300 ## - PHYSICAL DESCRIPTION
Other physical details xiv, 15-58 pages;
Dimensions 24.8 cm
500 ## - GENERAL NOTE
General note Includes index
650 ## - SUBJECT`
Broad subject Civil Procedure
650 ## - SUBJECT`
Broad subject Civil Practice
650 ## - SUBJECT`
Broad subject Law Practice
942 ## - ADDED ENTRY ELEMENTS (KOHA)
Item type Books
942 ## - ADDED ENTRY ELEMENTS (KOHA)
-- ALISON_BN_VRIES
Holdings
Source of classification or shelving scheme Not for loan Collection code Home library Current library Shelving location Date acquired Source of acquisition Full call number Barcode Price effective from Koha item type
Dewey Decimal Classification   Reference LAW SOCIETY OF NAMIBIA LIBRARY - WINDHOEK LAW SOCIETY OF NAMIBIA LIBRARY - WINDHOEK Civil Procedure and Court 08/18/2023 Purchase 347.1 CIL LSN/2004/95 08/18/2023 Books
Dewey Decimal Classification     LAW SOCIETY OF NAMIBIA LIBRARY - WINDHOEK LAW SOCIETY OF NAMIBIA LIBRARY - WINDHOEK Civil Procedure and Court 08/18/2023 Purchase 347.1 CIL LSN/2011/53 08/18/2023 Books